000 00479nam a22001937a 4500
003 MPLRDC
005 20220104124505.0
008 210129b ||||| |||| 00| 0 eng d
020 _a7-5324-1018-8
082 _a859.3 SNWK v.14
100 _a李茂高等著
245 _a宗泽的故事
_c
250 _a一版二刷
260 _a
_b少年儿童出版社
_c1990
300 _b
490 _a少儿文库
650 _a儿童人物故事
942 _cBK
_o859.3 SNWK v.14
999 _c19750
_d19740